| 000 | 00675nam a2200217 i 4500 | ||
|---|---|---|---|
| 001 | 106864 | ||
| 003 | ES-MaACL | ||
| 005 | 20230906184309.0 | ||
| 007 | t| | ||
| 008 | 070108s2001 fr ||||1| fre d | ||
| 020 | _a2-74342-1428 | ||
| 080 | _a811.133.1:801.6 | ||
| 100 | 1 |
_aNorma, Pierre. _985989 |
|
| 245 | 1 | 0 |
_aDictionnaire de rimes et traité de versification française / _cPierre Norma. |
| 260 |
_a[S.l.] : _bMaxi-Livres, _c[2001] |
||
| 300 |
_a250 p. ; _c18 cm. |
||
| 500 | _aBiblioteca Jacinto Martínez Lacalle. | ||
| 650 | 1 | 4 |
_aLengua francesa- _xVersificación. _914235 |
| 650 | 4 |
_aLengua francesa- _xRima. _9141140 |
|
| 852 |
_aES-MaACL _jE-11508 _bR.139514 |
||
| 999 |
_c106864 _d106864 |
||